000 00459nam a2200169Ia 4500
003 GCL
008 140319s9999 xx 000 0 eng d
040 _aGCL /
_cGCL
082 0 4 _a070
_bL B
100 1 _aLYNN, BOB LEDITORL
245 1 0 _aTHE BEST OF PHOTO JOURNALISM\13 /
_cLYNN, BOB LEDITORL
260 _a[S.N] :
_bNATIONAL PRESS PHATQRAPHERS ASOCIATION ،
_c1988
300 _a239 P
650 0 4 _aPHOTOGRAPHY
650 0 4 _aJOURNALISM
942 _2ddc
_cBK
999 _c19261
_d19261